Landlocked countries of Europe on a map no outlines Quiz Stats

 Plays Quiz not verified by Sporcle

Score 0/15 Timer 03:00
0 Plays Today
% Correct
Austria
96.1%
Slovakia
94%
Hungary
93.8%
Switzerland
91.5%
Serbia
90.9%
Czechia
90.7%
Liechtenstein
79.3%
Kosovo
72.9%
% Correct
Macedonia
62.9%
Belarus
60.3%
Andorra
59.7%
Moldova
53%
Vatican City
48%
Luxembourg
45%
San Marino
43.6%

You're not logged in!

Compare scores with friends on all Sporcle quizzes.
OR
Log In

You Might Also Like...

Show Comments

Extras

Top Quizzes Today


Score Distribution

Your Account Isn't Verified!

In order to create a playlist on Sporcle, you need to verify the email address you used during registration. Go to your Sporcle Settings to finish the process.

Report this User

Report this user for behavior that violates our Community Guidelines.

Details: